Gaceta de los tribunales 1911

Saved in:
Bibliografiske detaljer
Format: Bog
Sprog:spansk
Udgivet: Santiago Imprenta Barcelona 1911
Fag:
Tags: Tilføj Tag
Ingen Tags, Vær først til at tagge denne postø!

MARC

LEADER 00000nam a2200000 a 4500
001 UCI6323
003 CL-VaPUC
008 080430e19110000CL |||||||||||||||||spa|d
082 0 4 |a 347.83  |b GAC  |2 21 
245 1 0 |a Gaceta de los tribunales 1911 
300 |a v 
942 |c BK 
945 |d 20080430 00:00:00  |a cmena 
260 |a Santiago  |b Imprenta Barcelona  |c 1911 
650 0 |a Historia  |9 255047 
650 7 |a FUENTES  |2 CL-VaPUC  |9 255666 
650 0 |a Tribunales de justicia   |9 328494 
651 7 |a CHILE  |2 CL-VaPUC  |9 529135 
583 |a last modification  |c 20080430 00:00:00  |k Rodrigo Vera 
999 |c 329842  |d 329840 
952 |0 0  |1 0  |4 0  |6 347_830000000000000_GAC_1911  |7 0  |8 X  |9 414977  |a BIBHIS  |b BIBHIS  |d 2019-11-22  |h v.71 t.1  |i 2842823  |o 347.83 GAC 1911  |p 2842823  |r 2024-01-30  |w 2019-11-22  |y BK_X  |k HIS 
952 |0 0  |1 0  |4 0  |6 347_830000000000000_GAC_1911  |7 0  |8 X  |9 414978  |a BIBHIS  |b BIBHIS  |d 2019-11-22  |h v.71 t.2  |i 2842831  |o 347.83 GAC 1911  |p 2842831  |r 2024-01-30  |w 2019-11-22  |y BK_X  |k HIS